| 000 | 00331nam a22001337a 4500 | ||
|---|---|---|---|
| 020 | _a9221010074 | ||
| 082 | _a331.89CON | ||
| 245 | _aConciliation in industrial disputes | ||
| 260 |
_aGeneva _bILO _c1973 |
||
| 300 |
_aViii,133p _b25cm |
||
| 500 | _aIncludes Appendix | ||
| 650 | _aConciliation in industrial disputes | ||
| 942 | _cBK | ||
| 999 |
_c14914 _d14914 |
||